| 000 | 01035nam a22002057a 4500 | ||
|---|---|---|---|
| 003 | OSt | ||
| 005 | 20260223004114.0 | ||
| 008 | 260223b |||||||| |||| 00| 0 eng d | ||
| 020 | _a9788184082050 | ||
| 040 |
_aDWCL GS library _cOC |
||
| 082 | _aFic. D548 2008 | ||
| 100 | _aDickens, Charles | ||
| 245 |
_aillustrated classics _cCharles Dicken _bgreat expectations |
||
| 260 |
_aAnsari Road, Darya Ganj _bIndiana publishing house _cc2008 |
||
| 300 |
_a238 _billustrations _c22cm |
||
| 520 | _aGreat Expectations is a coming-of-age story about Pip, an orphan who goes from poverty to wealth, guided by a mysterious benefactor, only to learn his fortune comes from a convict he once helped, shattering his dreams of marrying the cold Estella and leading him to discover true worth in friendship and integrity over social status, as explored through themes of ambition, class, love, and moral growth. | ||
| 546 | _aEnglish | ||
| 700 | _aCharles Dickens | ||
| 942 |
_2ddc _cFIC. _hFic. D548 2008 _n0 |
||
| 999 |
_c8482 _d8482 |
||